000 00939cab a2200241 4500
001 WB3414-10
008 090401t1998 xxu||||| |||| 00| 0 eng d
035 _a(Sirsi) u85471
041 _aeng
245 _aGreen mortgage surveys hit snag
260 _c1998
350 _a0
490 _aSunday Times
_v5 April 1998, B15(2)
520 _aThe Energy Efficiency Bill requires mortgage lenders to do an energy efficiency assessment as part of their general valuation survey. But if surveys are abandoned as planned by some lenders then the assessments will also disappear. Includes information on how to get homes checked for energy efficiency.
650 _aENERGY EFFICIENCY BILL
650 _aENERGY EFFICIENCY RATING
650 _aENERGY EFFICIENT HOUSING
650 _aMORTGAGE LENDERS
650 _aMORTGAGE VALUATION SURVEYS
690 _aENVIRONMENTAL AND LAND CONSULTANCY-ENERGY
942 _n0
948 _c07/04/1998
999 _c53740
_d53740